Oceanian Countries by Largest Non-Capital City - Statistics

General Stats
  • This quiz has been taken 102 times
  • The average score is 7 of 14
Answer Stats
Largest City Country % Correct
Auckland New Zealand
99%
Sydney Australia
95%
Koror Palau
62%
Bairiki Kiribati
51%
Asau Tuvalu
51%
Denigomudu Nauru
49%
Mu'a Tonga
47%
Nasinu Fiji
45%
Weno FS of Micronesia
45%
Vaitele Samoa
43%
Luganville Vanuatu
43%
Lae Papua New Guinea
42%
Gizo Solomon Islands
37%
Rita Marshall Islands
33%
No matching quizzes found
Score Distribution
Percent of People with Each Score
Percentile by Number Answered
Your Score History
You have not taken this quiz